000 00544nam a2200205Ia 4500
005 20250923145947.0
008 008 250917s9999 xx 000 0 eng d
037 _aTextual
040 _aDSWL
_beng
_cDSWL
041 _aeng
_2eng
084 _qDSWL
100 _aSharma, Savita
_9840741
245 0 _aAids and Sexual Behaviour
_c by Savita Sharma
260 _aNew Delhi
_b A.P.H. Publishing Corporation
_c1986
300 _avii,281 p.
365 _aINR
_b500.00
925 _g500.00
942 _cTEXL
999 _c1457837
_d1457837